[Event "First Saturday 2012 may IM"]
[Site "Budapest"]
[Date "2012.05.13"]
[Round "9"]
[White "Gupta, Bhaskar"]
[Black "Wang, Xinyue"]
[Result "0-1"]
[WhiteElo "2096"]
[BlackElo "2041"]
[PlyCount "84"]
[EventDate "2012.05.05"]

1. e4 e5 2. Nf3 Nc6 3. Bb5 a6 4. Ba4 Nf6 5. d3 b5 6. Bb3 Be7 7. a4 Bb7 8. O-O
d6 9. Nbd2 Na5 10. Ba2 c5 11. c3 Nc6 12. axb5 axb5 13. Qb3 O-O 14. Qxb5 Qc7 15.
Qb3 Bc8 16. Nc4 Be6 17. Ng5 Bxc4 18. Qxc4 Na5 19. Qa4 c4 20. Bxc4 Nxc4 21. Qxa8
Rxa8 22. Rxa8+ Bf8 23. dxc4 h6 24. Nf3 Qxc4 25. Nd2 Qc6 26. Rb8 Nxe4 27. Nxe4
Qxe4 28. b4 Qc4 29. b5 Qc7 30. Re8 f5 31. Bd2 Qd7 32. Rb8 Qa7 33. Rd8 Qb6 34.
Rc8 Qxb5 35. Ra8 Qd5 36. Rc8 Qxd2 37. h3 Kf7 38. Rb1 Be7 39. Rc7 Ke6 40. Rbb7
Qe1+ 41. Kh2 Bh4 42. Rxg7 Bxf2 0-1

[Event "First Saturday 2012 may IM"]
[Site "Budapest"]
[Date "2012.05.13"]
[Round "9"]
[White "Petran, Pal"]
[Black "Lengyel, Bela"]
[Result "1/2-1/2"]
[WhiteElo "2365"]
[BlackElo "2260"]
[PlyCount "86"]
[EventDate "2012.05.05"]

1. d4 Nf6 2. Nf3 g6 3. Bg5 Bg7 4. Nbd2 h6 5. Bxf6 Bxf6 6. c3 d6 7. e4 e5 8.
dxe5 dxe5 9. Bc4 Nd7 10. O-O Qe7 11. b4 h5 12. Ne1 O-O 13. Qe2 c6 14. Bb3 a5
15. a3 axb4 16. cxb4 Kg7 17. Nd3 b6 18. a4 Ba6 19. Bc4 b5 20. axb5 Bxb5 21.
Bxb5 cxb5 22. Nb3 Nb6 23. Na5 Na4 24. Rac1 Bg5 25. Rc2 f6 26. Nb3 Nb6 27. Na5
Na4 28. g3 Rf7 29. f4 exf4 30. gxf4 Bh6 31. Nc6 Qe8 32. e5 fxe5 33. Qxe5+ Kh7
34. Qxe8 Rxe8 35. Nce5 Rg7 36. Rc6 Rf8 37. h4 Rf5 38. Kh2 g5 39. hxg5 Bxg5 40.
Kh3 Bh6 41. Rf3 Rg1 42. Rg3 Rxg3+ 43. Kxg3 Bxf4+ 1/2-1/2

[Event "First Saturday 2012 may IM"]
[Site "Budapest"]
[Date "2012.05.13"]
[Round "9"]
[White "Kojima, Shinya"]
[Black "Gledura, Benjamin"]
[Result "1/2-1/2"]
[WhiteElo "2264"]
[BlackElo "2312"]
[PlyCount "34"]
[EventDate "2012.05.05"]

1. Nf3 Nf6 2. c4 g6 3. Nc3 d5 4. cxd5 Nxd5 5. Qc2 Nc6 6. d4 Ndb4 7. Qa4 Bd7 8.
Qd1 e5 9. dxe5 Bf5 10. Bg5 Be7 11. e4 Bg4 12. Bxe7 Qxe7 13. a3 Bxf3 14. gxf3
Rd8 15. Qa4 Nd3+ 16. Bxd3 Rxd3 17. Qb5 Rd8 1/2-1/2

[Event "First Saturday 2012 may IM"]
[Site "Budapest"]
[Date "2012.05.14"]
[Round "10"]
[White "Lengyel, Bela"]
[Black "Kojima, Shinya"]
[Result "0-1"]
[WhiteElo "2260"]
[BlackElo "2264"]
[PlyCount "72"]
[EventDate "2012.05.05"]

1. d4 Nf6 2. c4 e6 3. Nc3 Bb4 4. Qc2 d5 5. cxd5 exd5 6. Bg5 c5 7. e3 cxd4 8.
exd4 Nc6 9. Bb5 h6 10. Bh4 O-O 11. Nge2 Be6 12. O-O Rc8 13. Qd3 Bd6 14. Bg3 Nb4
15. Qd1 Bg4 16. f3 Bf5 17. Bxd6 Qxd6 18. Ng3 Bh7 19. Rf2 Qb6 20. Bf1 Nc6 21.
Rd2 Na5 22. Nh1 Nc4 23. Bxc4 dxc4 24. Nf2 Rfd8 25. Ne2 Nd5 26. a3 Re8 27. Kh1
Re3 28. Rc1 Rb3 29. Nc3 Nf4 30. Qe1 Kf8 31. Qe5 Qc7 32. g3 Nd3 33. Nxd3 Bxd3
34. Nd5 Qxe5 35. dxe5 Rc5 36. Ne3 Rxe5 0-1

[Event "First Saturday 2012 may IM"]
[Site "Budapest"]
[Date "2012.05.14"]
[Round "10"]
[White "Wang, Xinyue"]
[Black "Petran, Pal"]
[Result "1/2-1/2"]
[WhiteElo "2041"]
[BlackElo "2365"]
[PlyCount "129"]
[EventDate "2012.05.05"]

1. d4 Nf6 2. c4 e6 3. Nf3 b6 4. g3 Ba6 5. b3 Bb4+ 6. Bd2 Be7 7. Bg2 c6 8. Bc3
d5 9. Ne5 Nfd7 10. Nxd7 Nxd7 11. Nd2 O-O 12. O-O Nf6 13. e4 b5 14. exd5 exd5
15. Re1 Rb8 16. Ba5 Qxa5 17. Rxe7 Rfe8 18. Re5 Qc3 19. cxb5 Bxb5 20. Nf3 Rxe5
21. dxe5 Nd7 22. Rc1 Qb2 23. Rc2 Qa3 24. Bh3 Nc5 25. Nd4 Rd8 26. Qf3 Ne4 27. e6
fxe6 28. Bxe6+ Kh8 29. Nxb5 cxb5 30. Bxd5 Nf6 31. Be6 h6 32. Qc6 Qb4 33. Kg2
Qe1 34. Rc1 Qe2 35. Bf5 Qxa2 36. Qxb5 Qd2 37. Rc2 Qd4 38. Rc7 Ne4 39. Qe2 Ng5
40. Rd7 Qf6 41. Rxd8+ Qxd8 42. Qd3 Qb8 43. h4 Nf7 44. Qd5 Nd6 45. Bb1 Ne8 46.
Be4 Nf6 47. Qa8 Qxa8 48. Bxa8 g5 49. Kf3 Kg7 50. Ke3 Ng4+ 51. Ke2 gxh4 52. gxh4
Kf6 53. Bb7 Ke5 54. f3 Nf6 55. Ke3 Nh5 56. Bc6 Nf4 57. Be4 Ng2+ 58. Kf2 Nxh4
59. Kg3 Nf5+ 60. Kg4 Ne3+ 61. Kh5 a5 62. Kxh6 Kf4 63. Kg6 Nf1 64. Kf6 Nd2 65.
Bd5 1/2-1/2

[Event "First Saturday 2012 may IM"]
[Site "Budapest"]
[Date "2012.05.14"]
[Round "10"]
[White "Farago, Sandor"]
[Black "Gupta, Bhaskar"]
[Result "0-1"]
[WhiteElo "2270"]
[BlackElo "2096"]
[PlyCount "76"]
[EventDate "2012.05.05"]

1. e4 e6 2. d4 d5 3. Nc3 Bb4 4. e5 c5 5. a3 Bxc3+ 6. bxc3 Ne7 7. a4 Nbc6 8. Nf3
Qa5 9. Qd2 b6 10. Bd3 Ba6 11. O-O cxd4 12. Bxa6 Qxa6 13. cxd4 O-O 14. Ba3 Rfc8
15. h4 Nf5 16. g4 Nh6 17. Qf4 Qxa4 18. Bf8 Qxc2 19. Bxg7 Kxg7 20. Qf6+ Kg8 21.
Qxh6 Qe4 22. Qg5+ Kf8 23. Rae1 Qg6 24. Qf4 h5 25. Ng5 hxg4 26. f3 g3 27. h5 Qf5
28. Qh4 Nxd4 29. Re4 g2 30. Rf2 dxe4 31. fxe4 Qxe5 32. Nxf7 Qg7 33. Ng5+ Ke8
34. h6 Qg6 35. h7 Kd7 36. e5 Rc4 37. Kxg2 Nf5 38. Rd2+ Ke7 0-1

[Event "First Saturday 2012 may IM"]
[Site "Budapest"]
[Date "2012.05.15"]
[Round "11"]
[White "Petran, Pal"]
[Black "Farago, Sandor"]
[Result "1/2-1/2"]
[WhiteElo "2365"]
[BlackElo "2270"]
[PlyCount "35"]
[EventDate "2012.05.05"]

1. d4 d5 2. c4 c6 3. Nf3 Nf6 4. e3 a6 5. b3 e6 6. Nbd2 Nbd7 7. Bb2 Bd6 8. Bd3
O-O 9. O-O b5 10. Rc1 Bb7 11. Re1 Qe7 12. c5 Bc7 13. e4 dxe4 14. Nxe4 Nxe4 15.
Bxe4 Nf6 16. Bb1 Nd5 17. Qd3 g6 18. g3 1/2-1/2

[Event "First Saturday 2012 may IM"]
[Site "Budapest"]
[Date "2012.05.15"]
[Round "11"]
[White "Tesik, Csaba"]
[Black "Lengyel, Bela"]
[Result "1/2-1/2"]
[WhiteElo "2339"]
[BlackElo "2260"]
[PlyCount "35"]
[EventDate "2012.05.05"]

1. e4 e5 2. Bc4 Nf6 3. d3 Nc6 4. Nf3 Be7 5. O-O O-O 6. Re1 d6 7. a3 Be6 8. Nbd2
Qd7 9. c3 Rae8 10. Bb3 a6 11. d4 exd4 12. cxd4 d5 13. Ne5 Nxe5 14. dxe5 Nxe4
15. Nxe4 dxe4 16. Qxd7 Bxd7 17. Rxe4 Be6 18. Bxe6 1/2-1/2

[Event "First Saturday 2012 may IM"]
[Site "Budapest"]
[Date "2012.05.15"]
[Round "11"]
[White "Galyas, Miklos"]
[Black "Gledura, Benjamin"]
[Result "1/2-1/2"]
[WhiteElo "2403"]
[BlackElo "2312"]
[PlyCount "33"]
[EventDate "2012.05.05"]

1. d4 Nf6 2. c4 g6 3. Nc3 d5 4. Nf3 Bg7 5. e3 O-O 6. cxd5 Nxd5 7. Bc4 Nxc3 8.
bxc3 c5 9. O-O Qc7 10. Qe2 Nd7 11. e4 Nb6 12. Bb3 Bg4 13. Be3 c4 14. Bc2 f5 15.
h3 Bh5 16. exf5 gxf5 17. Bd2 1/2-1/2

[Event "First Saturday 2012 may IM"]
[Site "Budapest"]
[Date "2012.05.15"]
[Round "11"]
[White "Korpa, Bence"]
[Black "Dolgener, Tobias"]
[Result "1-0"]
[WhiteElo "2297"]
[BlackElo "2215"]
[PlyCount "77"]
[EventDate "2012.05.05"]

1. e4 c5 2. Nf3 Nc6 3. d4 cxd4 4. Nxd4 e5 5. Nb5 d6 6. N1c3 a6 7. Na3 b5 8. Nd5
Nf6 9. Bg5 Qa5+ 10. Bd2 Qd8 11. Bd3 Nxd5 12. exd5 Ne7 13. c4 f5 14. cxb5 Nxd5
15. Qb3 Nf6 16. bxa6 d5 17. Rc1 e4 18. Bb5+ Kf7 19. O-O Bd6 20. Be3 Be6 21. Bc6
Rb8 22. Qc3 Ng4 23. g3 Ne5 24. a7 Rc8 25. a8=Q Nf3+ 26. Kg2 Rxa8 27. Bxa8 Be5
28. Qc2 Qxa8 29. Bf4 Rc8 30. Qe2 Bxf4 31. gxf4 Rxc1 32. Rxc1 Qb8 33. Qc2 Kf6
34. Qc7 Qxb2 35. Qd8+ Kg6 36. Rc6 Qxa3 37. Qe8+ Kh6 38. Rxe6+ g6 39. Rxg6+ 1-0